Rob's General Knowledge - Multiple Choice #5 - Statistics

General Stats
  • This quiz has been taken 18 times
    10 since last reset
  • The average score is 8 of 20
Answer Stats
Question Answer % Correct
In 1928, Amelia Earhart became the first female aviator to complete a solo flight across which body of water? Atlantic Ocean
75%
Verdigris is a blue-green residue caused by the oxidation of which metal? Copper
75%
Plantar fibromas affect which area of the body? Feet
75%
'Conference' and 'Le Comte' are notable varieties of which fruit? Pears
75%
Which Japanese motorcycle manufacturer is also known for making musical instruments? Yamaha
75%
Pontoon is a variation of which card game? Blackjack
50%
In 1976, Jean-Bedel Bokassa declared himself emperor of which African country? Central African Republic
50%
What distinctive item was worn by journalist Marie Colvin, rapper Slick Rick and German army officer Claus von Stauffenberg? Eyepatch
50%
Extracts from which country's national anthem can be heard in Tchaikovsky's '1812 Overture'? France
50%
Which is the tallest mountain in the Karakoram range? K2
50%
Which actor starred as the 12th doctor in Doctor Who? Peter Capaldi
50%
Which international organisation was founded at the 1944 Bretton Woods Conference? International Monetary Fund
25%
The first edition of Mario Kart was released for which Nintendo console? Nintendo 64
25%
What flavour is Cointreau? Orange
25%
The Tanna people of Vanuatu famously worshipped which member of the British Royal Family as a god? Prince Philip
25%
Which of the following was NOT one of the official NASA space shuttles? Voyager
25%
Which were the first televised Olympic Games? Berlin, 1936
0%
Which of the following items does NOT feature on the flag of Mozambique? Machete
0%
Makerere University is located in which African country? Uganda
0%
In which language might you greet someone by saying 'shwmae'? Weish
0%
No matching quizzes found
Score Distribution
Percent of People with Each Score
Percentile by Number Answered
Your Score History
You have not taken this quiz since the last reset